PROCESNÝ PRÍSTUP V SYSTÉMOCH KVALITY

Bibliographic Details
Main Author: Mateides, Alexander, 1938- (Author)
Format: Article
Language:Slovak

MARC

LEADER 00000nab a2200000ua 4500
001 vtls010848929
003 SK-MaSNL
005 20260303111520.0
008 230121s2006 xo |||||||||||||||||slo|
035 |a (urnnbn)urn:nbn:sk:snk:ar-a078yl 
035 |a urn:nbn:sk:snk-ab69qv 
035 |a (uuid)06d46c55-2276-4b89-b3d2-db4b6e8f7a2b 
040 |a SNKBUCL  |b slo  |c SNKBUCL  |e AACR2 
041 0 |a slo 
044 |a xo  |c SK 
100 1 |a Mateides, Alexander,  |d 1938-  |4 aut  |9 204240 
245 1 0 |a PROCESNÝ PRÍSTUP V SYSTÉMOCH KVALITY  |c Alexander Mateides A Kolektív 
773 0 |t Manažment, mzdy a financie : časopis pre ekonómov, podnikateľov, podniky a organizácie  |g Roč. 13, č. 15-16 (2006), s. 197-240 
954 |a odborná, vedecká literatúra pôvodná (slovenská)  |2 lita 
958 |a OND 
958 |a EUIPO 
958 |a article5 
999 |c 1878024  |d 1879954